000 00515nam a22001937a 4500
003 OSt
005 20140310182841.0
008 130608t xxu||||| |||| 00| 0 eng d
020 _a0451628160
050 _aPN 59
_b.H816 1973
082 _aM 808.8
_bH78 1973
245 _aThe Reader's Companion to World Literature
_cHornstein, Lillian Herlands
260 _aNew York
_bPenguin Books
_c1973
521 _acollege students
526 _c1210L-1700L
541 _j1
562 _e1
942 _2lcc
_cBK
_kM
999 _c16854
_d16854